000 00251nam a2200097Ia 4500
001 1102616
005 20250827003325.0
008 250824s9999 xx 000 0 und d
245 0 _aSEVSEYDİ GİTMEZDİ
_cZEUS KABADAYI
260 _bHAYY KİTAP YAYINLARI
999 _c1102616
_d1102616